Regulatory changes - what impact? (Record no. 60293)

MARC details
000 -LEADER
fixed length control field 00855cam a2200229 4500
001 - CONTROL NUMBER
control field ABS61330
008 - FIXED-LENGTH DATA ELEMENTS--GENERAL INFORMATION
fixed length control field 000000n1999 000 0 eng u
035 ## - SYSTEM CONTROL NUMBER
System control number (Sirsi) u101050
100 ## - MAIN ENTRY--PERSONAL NAME
Personal name Hartless, R.
245 ## - TITLE STATEMENT
Title Regulatory changes - what impact?
260 ## - PUBLICATION, DISTRIBUTION, ETC.
Date of publication, distribution, etc. 1999
490 ## - SERIES STATEMENT
Series statement Building Services Journal
Volume/sequential designation October 1999, 53-54(2)
520 ## - SUMMARY, ETC.
Summary, etc. Changes to the Building Regulations must be supported by a Regulatory Impact Assessment which means carrying out investment appraisal, assessing risks, and putting a value on life and injuries. Article explains the impact assessment procedure.
590 ## - LOCAL NOTE (RLIN)
Local note ABS
650 ## - SUBJECT ADDED ENTRY--TOPICAL TERM
Topical term or geographic name entry element BUILDING REGULATIONS
9 (RLIN) 6224
650 ## - SUBJECT ADDED ENTRY--TOPICAL TERM
Topical term or geographic name entry element REGULATORY IMPACT ASSESSMENT
650 ## - SUBJECT ADDED ENTRY--TOPICAL TERM
Topical term or geographic name entry element INVESTMENT APPRAISAL
650 ## - SUBJECT ADDED ENTRY--TOPICAL TERM
Topical term or geographic name entry element RISKS
690 ## - LOCAL SUBJECT ADDED ENTRY--TOPICAL TERM (OCLC, RLIN)
Topical term or geographic name as entry element BUILDING AND CONSTRUCTION-REGULATIONS
700 ## - ADDED ENTRY--PERSONAL NAME
Personal name Bromley, K.
942 ## - ADDED ENTRY ELEMENTS (KOHA)
Suppress in OPAC 0
Holdings
Withdrawn status Lost status Source of classification or shelving scheme Damaged status Not for loan Home library Current library Shelving location Date acquired Total Checkouts Full call number Barcode Date last seen Copy number Price effective from Koha item type
    Dewey Decimal Classification     London London Journal article 28/10/1999   ABS61330 101050-1001 06/08/2019 1 06/08/2019 Journal article